| 000 | 00622nam a2200217 i 4500 | ||
|---|---|---|---|
| 001 | 130107 | ||
| 003 | ES-MaACL | ||
| 005 | 20251009173355.0 | ||
| 007 | t| | ||
| 008 | 070719q19201929sp ||||1| cat d | ||
| 100 | 0 |
_aSófocles. _9107023 |
|
| 245 | 1 | 0 |
_aAntígona ; Electra / _cSófocles ; traducció de Carles Riba. |
| 260 |
_aBarcelona : _bEditorial Catalana, _c[192-?] |
||
| 300 |
_a173 p. ; _c19 cm. |
||
| 490 | 1 | _aBiblioteca literaria | |
| 700 | 1 |
_aRiba, Carles, _d1893-1959 _996698 |
|
| 740 | 0 | _aElectra. | |
| 830 | 0 |
_aBiblioteca literaria _9183370 |
|
| 852 |
_aES-MaACL _jG-7700 |
||
| 999 |
_c130107 _d130107 |
||